Sports Quiz

Random Sports or MLB Quiz

2010 MLB Starters Quiz Stats

 Plays Quiz not verified by Sporcle

Score 0/200 Timer 20:00
0 Plays Today
Statistics Pitcher % Correct
34 starts, 3.18 ERACC Sabathia
91.8%
33 starts, 3.92 ERAErvin Santana
89.4%
29 starts, 2.98 ERAJohan Santana
89.4%
33 starts, 3.43 ERATim Lincecum
87.1%
32 starts, 2.76 ERARoy Oswalt
85.9%
28 starts, 2.30 ERAJosh Johnson
85.9%
34 starts, 2.27 ERAFelix Hernandez
84.7%
33 starts, 3.66 ERALivan Hernandez
84.7%
8 starts, 4.31 ERADavid Hernandez
84.7%
33 starts, 2.44 ERARoy Halladay
83.5%
33 starts, 4.17 ERAZack Greinke
83.5%
33 starts, 3.14 ERAMatt Cain
83.5%
28 starts, 3.18 ERACliff Lee
83.5%
35 starts, 3.22 ERAChris Carpenter
82.4%
33 starts, 5.26 ERAA.J. Burnett
82.4%
33 starts, 2.42 ERAAdam Wainwright
82.4%
29 starts, 4.19 ERAPhil Hughes
82.4%
33 starts, 2.88 ERAUbaldo Jimenez
81.2%
33 starts, 3.06 ERACole Hamels
80%
33 starts, 3.37 ERAJustin Verlander
80%
20 starts, 3.33 ERACarlos Zambrano
80%
34 starts, 2.83 ERATim Hudson
78.8%
14 starts, 2.45 ERADaniel Hudson
78.8%
32 starts, 4.47 ERAEdwin Jackson
77.6%
21 starts, 5.78 ERAJosh Beckett
77.6%
33 starts, 3.07 ERAJonathan Sanchez
76.5%
32 starts, 3.55 ERAAnibal Sanchez
76.5%
31 starts, 3.62 ERAFrancisco Liriano
76.5%
35 starts, 3.91 ERADan Haren
75.3%
33 starts, 4.15 ERABarry Zito
75.3%
33 starts, 3.35 ERAC.J. Wilson
75.3%
32 starts, 3.25 ERAJon Lester
75.3%
30 starts, 3.62 ERATed Lilly
75.3%
33 starts, 4.40 ERAJohn Lackey
72.9%
31 starts, 2.72 ERADavid Price
72.9%
33 starts, 4.28 ERAMark Buehrle
71.8%
33 starts, 3.88 ERABronson Arroyo
70.6%
33 starts, 5.18 ERAJames Shields
70.6%
32 starts, 3.60 ERAWandy Rodriguez
70.6%
28 starts, 4.64 ERAFreddy Garcia
70.6%
28 starts, 2.70 ERAJaime Garcia
70.6%
34 starts, 3.01 ERAJered Weaver
69.4%
31 starts, 3.57 ERAChad Billingsley
69.4%
31 starts, 3.84 ERAYovani Gallardo
69.4%
28 starts, 2.33 ERAClay Buchholz
69.4%
32 starts, 2.91 ERAClayton Kershaw
68.2%
28 starts, 4.82 ERAJoe Blanton
68.2%
26 starts, 5.32 ERAJavier Vazquez
68.2%
20 starts, 5.32 ERAAaron Harang
68.2%
34 starts, 3.33 ERATommy Hanson
65.9%
32 starts, 3.91 ERAMatt Garza
65.9%
29 starts, 5.72 ERAZach Duke
65.9%
17 starts, 4.63 ERAJake Peavy
65.9%
33 starts, 4.00 ERADerek Lowe
64.7%
32 starts, 3.75 ERACarl Pavano
64.7%
31 starts, 3.64 ERAJohnny Cueto
64.7%
19 starts, 4.84 ERAJamie Moyer
64.7%
12 starts, 4.31 ERAEdinson Volquez
64.7%
31 starts, 5.10 ERAKevin Millwood
63.5%
31 starts, 2.92 ERAMat Latos
63.5%
12 starts, 2.91 ERAStephen Strasburg
63.5%
33 starts, 4.22 ERAJake Westbrook
62.4%
30 starts, 2.97 ERATrevor Cahill
62.4%
29 starts, 5.53 ERAJeremy Bonderman
62.4%
25 starts, 4.69 ERADaisuke Matsuzaka
62.4%
19 starts, 5.32 ERATim Wakefield
62.4%
33 starts, 3.47 ERAJon Garland
60%
Statistics Pitcher % Correct
32 starts, 3.72 ERAColby Lewis
60%
28 starts, 5.94 ERAScott Kazmir
60%
33 starts, 3.77 ERAFausto Carmona
58.8%
33 starts, 3.66 ERAMike Pelfrey
57.6%
30 starts, 3.50 ERADallas Braden
57.6%
29 starts, 4.07 ERAWade Davis
57.6%
26 starts, 2.84 ERAR.A. Dickey
57.6%
8 starts, 7.51 ERADoug Davis
57.6%
34 starts, 3.85 ERARyan Dempster
56.5%
33 starts, 3.23 ERAGio Gonzalez
56.5%
32 starts, 3.83 ERAJeremy Guthrie
56.5%
29 starts, 4.49 ERAScott Baker
56.5%
23 starts, 5.08 ERAAaron Cook
56.5%
32 starts, 3.72 ERAJohn Danks
55.3%
31 starts, 3.64 ERAShaun Marcum
55.3%
7 starts, 6.80 ERAOliver Perez
55.3%
20 starts, 4.64 ERAJair Jurrjens
54.1%
18 starts, 3.00 ERAMadison Bumgarner
54.1%
16 starts, 3.40 ERAJ.A. Happ
54.1%
32 starts, 5.10 ERAPaul Maholm
52.9%
21 starts, 3.28 ERAAndy Pettitte
52.9%
19 starts, 5.00 ERAJeff Francis
52.9%
16 starts, 4.07 ERAVicente Padilla
52.9%
34 starts, 4.17 ERARandy Wolf
51.8%
33 starts, 3.14 ERABrett Myers
51.8%
25 starts, 4.65 ERAJohn Lannan
51.8%
32 starts, 4.26 ERARandy Wells
50.6%
19 starts, 2.80 ERABrett Anderson
50.6%
32 starts, 3.73 ERARicky Romero
49.4%
31 starts, 3.39 ERAHiroki Kuroda
49.4%
20 starts, 4.53 ERABen Sheets
48.2%
18 starts, 5.58 ERARich Harden
47.1%
8 starts, 6.23 ERAGreg Smith
47.1%
33 starts, 4.47 ERAJoe Saunders
45.9%
31 starts, 4.08 ERAGavin Floyd
45.9%
26 starts, 5.42 ERANick Blackburn
45.9%
22 starts, 3.73 ERATommy Hunter
44.7%
27 starts, 4.92 ERARick Porcello
42.4%
17 starts, 3.51 ERATravis Wood
42.4%
9 starts, 5.69 ERAGil Meche
42.4%
32 starts, 4.30 ERABrian Matusz
41.2%
29 starts, 4.39 ERAJeff Niemann
41.2%
26 starts, 4.51 ERARicky Nolasco
41.2%
33 starts, 5.00 ERARodrigo Lopez
40%
31 starts, 3.50 ERAMax Scherzer
40%
13 starts, 5.59 ERADontrelle Willis
40%
9 starts, 6.13 ERAJohn Maine
40%
31 starts, 4.54 ERADave Bush
37.6%
31 starts, 4.73 ERAKyle Kendrick
37.6%
23 starts, 6.34 ERABrian Bannister
37.6%
26 starts, 4.49 ERABrandon Morrow
36.5%
22 starts, 5.48 ERAScott Feldman
36.5%
30 starts, 4.20 ERAJonathon Niese
35.3%
24 starts, 4.49 ERAArmando Galarraga
35.3%
15 starts, 5.06 ERAJeff Suppan
35.3%
13 starts, 6.60 ERAJason Marquis
35.3%
28 starts, 4.45 ERAKevin Slowey
34.1%
9 starts, 3.23 ERABrad Penny
34.1%
32 starts, 3.80 ERAIan Kennedy
32.9%
18 starts, 6.55 ERAKyle Lohse
32.9%
22 starts, 4.23 ERAMike Leake
31.8%
18 starts, 5.95 ERANate Robertson
31.8%
23 starts, 4.17 ERABruce Chen
30.6%
9 starts, 4.13 ERAJ.D. Martin
30.6%
33 starts, 3.75 ERAClayton Richard
29.4%
16 starts, 5.15 ERAKenshin Kawakami
29.4%
9 starts, 3.95 ERAChris Capuano
29.4%
Statistics Pitcher % Correct
28 starts, 4.11 ERADoug Fister
28.2%
19 starts, 4.46 ERAHomer Bailey
28.2%
26 starts, 5.40 ERAKevin Correia
27.1%
13 starts, 2.62 ERABrian Duensing
27.1%
29 starts, 4.70 ERAJustin Masterson
25.9%
28 starts, 4.22 ERABrett Cecil
25.9%
21 starts, 3.28 ERAJhoulys Chacin
25.9%
20 starts, 6.75 ERARyan Rowland-Smith
25.9%
17 starts, 4.81 ERALuke Hochevar
25.9%
7 starts, 8.54 ERAAndrew Miller
25.9%
7 starts, 4.94 ERAJordan Zimmerman
25.9%
21 starts, 4.07 ERARoss Ohlendorf
24.7%
31 starts, 3.78 ERAJason Vargas
23.5%
30 starts, 4.81 ERAJason Hammel
23.5%
30 starts, 4.58 ERAChris Volstad
23.5%
8 starts, 6.41 ERAIan Snell
22.4%
32 starts, 5.34 ERAKyle Davies
21.2%
21 starts, 4.22 ERACarlos Silva
21.2%
27 starts, 4.92 ERABud Norris
20%
11 starts, 5.87 ERAChris Tillman
20%
16 starts, 5.02 ERAManny Parra
18.8%
15 starts, 5.56 ERAScott Olsen
18.8%
9 starts, 4.96 ERADustin Moseley
18.8%
28 starts, 4.41 ERAMitch Talbot
17.6%
28 starts, 4.98 ERABrad Bergesen
17.6%
23 starts, 4.09 ERATom Gorzelanny
17.6%
28 starts, 4.99 ERAChris Narveson
16.5%
12 starts, 4.02 ERAJames McDonald
16.5%
8 starts, 5.98 ERAMike Minor
16.5%
20 starts, 4.22 ERAJorge De La Rosa
15.3%
19 starts, 4.92 ERAJeff Karstens
15.3%
12 starts, 3.61 ERAHisanori Takahashi
15.3%
23 starts, 3.84 ERAJoel Pineiro
14.1%
25 starts, 4.25 ERAWade LeBlanc
12.9%
17 starts, 7.57 ERACharlie Morton
12.9%
15 starts, 6.21 ERADavid Huff
12.9%
14 starts, 3.68 ERAKris Medlen
12.9%
11 starts, 5.68 ERATodd Wellemeyer
12.9%
7 starts, 1.85 ERATim Stauffer
12.9%
17 starts, 3.91 ERABarry Enright
11.8%
14 starts, 5.11 ERAFelipe Paulino
11.8%
8 starts, 6.13 ERAEsmil Rogers
11.8%
18 starts, 4.66 ERAJake Arrieta
10.6%
15 starts, 4.07 ERADavid Pauley
10.6%
12 starts, 4.95 ERAMarc Rzepczynski
10.6%
19 starts, 5.13 ERACraig Stammen
9.4%
11 starts, 3.29 ERANelson Figueroa
9.4%
10 starts, 6.79 ERADana Eveland
9.4%
10 starts, 4.08 ERADerek Holland
9.4%
7 starts, 3.83 ERACarlos Carrasco
9.4%
18 starts, 4.27 ERAVin Mazzaro
8.2%
18 starts, 5.49 ERAJohn Ely
8.2%
14 starts, 5.49 ERASean O'Sullivan
8.2%
13 starts, 4.83 ERALuke French
8.2%
11 starts, 4.68 ERAJeanmar Gomez
8.2%
9 starts, 6.12 ERADaniel McCutchen
8.2%
16 starts, 5.15 ERALuis Atilano
7.1%
12 starts, 3.73 ERAAlex Sanabia
7.1%
12 starts, 4.56 ERAJosh Tomlin
7.1%
8 starts, 4.98 ERABlake Hawksworth
5.9%
13 starts, 4.99 ERABrian Burres
4.7%
13 starts, 4.38 ERACarlos Monasterios
4.7%
9 starts, 5.79 ERAJesse Litsch
4.7%
9 starts, 6.66 ERABrad Lincoln
4.7%
8 starts, 4.92 ERABrian Moehler
4.7%
8 starts, 4.11 ERACasey Coleman
3.5%

You're not logged in!

Compare scores with friends on all Sporcle quizzes.
OR
Log In

Show Comments

Extras

Top Quizzes Today


Score Distribution

Your Account Isn't Verified!

In order to create a playlist on Sporcle, you need to verify the email address you used during registration. Go to your Sporcle Settings to finish the process.

Report this User

Report this user for behavior that violates our Community Guidelines.

Details: